Waterlands: Prehistoric Life at Bar Pasture, Pode Hole Quarry, Peterborough

محفوظ في:

المؤلف الرئيسي: Andy Richmond

التنسيق: كتاب

اللغة: Undetermined

الوصول للمادة أونلاين: Login to view Source

الوسوم: إضافة وسم

لا توجد وسوم, كن أول من يضع وسما على هذه التسجيلة!

رقم الطلب:

LEADER 00472nmm a2200133Ia 4500
008 240716s9999||||xx |||||||||||||||||und||
020 |a 9781803271521 
020 |a 9781803271538 
100 |a Andy Richmond 
245 1 0 |a Waterlands: Prehistoric Life at Bar Pasture, Pode Hole Quarry, Peterborough  |c Andy Richmond 
264 |b Archaeopress Archaeology  |c 30-يونيو-22 
856 4 0 |u http://library.arce.org:8087/Archaeopress/Products/9781803271521 
942 |2 lcc  |c EBOOK 
999 |c 59038  |d 59038